top 40 best f1 teams - Statistics

General Stats
  • This quiz has been taken 120 times
    119 since last reset
  • The average score is 22 of 40
Answer Stats
achieved points f1 team years active % Correct
10902.77 ferrari 1950-now
100%
7656 red bull 2005-now
100%
6975.5 mclaren 1966-now
96%
7627.64 mercedes 1954-1955, 2010-now
96%
1777 renault 1977-1986, 2002-2011, 2016-2020
90%
3630 williams 1977-now
89%
485 aston martin 1959-1960, 2021-now
77%
363 alfa romeo 1950-1951,1979-1985, 2019-2022
75%
513 sauber 1993-2005, 2010-2018
75%
501 torro rosso 2006-2019
75%
459 alpine 2021-now
74%
861.5 benetton 1986-2001
70%
983 brabham 1962-1992
68%
276 haas 2016-now
68%
1046 force india 2008-2018
67%
309 AlphaTauri 2020-2023
60%
172 brawn 2009
59%
156 honda 1964–1968, 2006–2008
59%
711 tyrrell 1970-1998
59%
291 jordan 1991-2005
58%
278.5 toyota 2002-2009
58%
335 racing point 2019-2020
56%
50 porsche 1961-1964
48%
227 BAR 1999-2005
47%
705 BRM 1951-1977
44%
313.42 maserati 1950-1957
44%
184 matra 1966-1972
41%
142 arrows 1978-2002
36%
108 vanwall 1954-1960
36%
388 ligier 1976-1996
34%
340 BMW sauber 2006-2009
30%
79 wolf 1977-1979
29%
185 march 1970-1978, 1981-1982, 1987-1989, 1992
27%
1514 team lotus 1958-1994
27%
705 lotus f1 2012-2015
25%
68.5 shadow 1973-1980
23%
54 surtees 1970-1978
22%
113 kurtis-kraft 1950-1960
7%
388.5 cooper-climax 1960-1963
5%
83 cooper-maserati 1950-1969
4%
No matching quizzes found
Score Distribution
Percent of People with Each Score
Percentile by Number Answered
Your Score History
You have not taken this quiz since the last reset